000 00547nam a22002057a 4500
003 OSt
005 20140310182944.0
008 130205t xxu||||| |||| 00| 0 eng d
020 _a9789715066211
050 _aPL5539
_b.J83 2011
082 _aFIL 899.210501
_bJ83 2011
245 _aGleanings from a life in literature
_cJosé, F. Sionil
260 _aManila
_bUST Publishing House
_cc2011
300 _a99 p.
_c23 cm.
521 _acollege students
526 _c1210L-1700L
541 _j1
562 _e1
942 _2lcc
_cBK
_kFIL
999 _c17778
_d17778